|
|
|
|
| LEADER |
00902nas a22002417a 4500 |
| 003 |
BD-DhAAL |
| 005 |
20190827152124.0 |
| 008 |
190827b xxu||||| |||| 00| 0 eng d |
| 999 |
|
|
|c 41070
|d 41070
|
| 022 |
|
|
|2 0301-4606
|
| 040 |
|
|
|a BD-DhAAL
|
| 082 |
|
|
|a 615.1
|
| 130 |
|
|
|a Bangladesh Pharmaceutical Journal
|9 33661
|
| 245 |
|
|
|a Bangladesh pharmaceutical journal
|
| 260 |
|
|
|a Dhaka:
|b Bangladesh Pharmaceutical Society
|
| 300 |
|
|
|a v.
|
| 362 |
|
|
|a v. 1- Oct. 1972-
|
| 650 |
|
|
|a Pharmacology
|v Periodicals.
|9 33662
|
| 650 |
|
|
|a Pharmaceutical Preparations
|v Periodicals.
|9 33663
|
| 651 |
|
|
|a Bangladesh
|v Pharmacy
|x Periodicals.
|9 33664
|
| 856 |
|
|
|3 Full text available on BanglaJOL (2012-)
|u https://www.banglajol.info/index.php/BPJ/issue/archive
|
| 942 |
|
|
|2 ddc
|c CR
|s 1
|
| 952 |
|
|
|0 0
|1 0
|2 ddc
|4 0
|6 615_100000000000000
|7 1
|8 REF
|9 66073
|a BRACUL
|b BRACUL
|c REF
|d 2019-08-27
|h Vol. 22, No. 02
|l 0
|o 615.1
|r 2019-08-27
|y CR
|